[Event "CZE-chT2C 1920"]
[Site "Czech Republic"]
[Date "2019.12.01"]
[Round "4.3"]
[White "Crha, Pavel"]
[Black "Novotny, Jaroslav"]
[Result "0-1"]
[WhiteElo "2098"]
[BlackElo "2149"]
[PlyCount "80"]
[EventDate "2019.10.13"]
[EventType "team-tourn"]
[EventRounds "11"]
[EventCountry "CZE"]
[SourceTitle "EXT 2024"]
[Source "ChessBase"]
[SourceDate "2023.10.10"]
[SourceVersion "1"]
[SourceVersionDate "2023.10.10"]
[SourceQuality "1"]
[WhiteTeam "Mlada Boleslav"]
[BlackTeam "Jicin"]
[WhiteTeamCountry "CZE"]
[BlackTeamCountry "CZE"]

1. c4 e6 2. Nf3 Nf6 3. g3 d5 4. b3 d4 5. Bg2 c5 6. 0-0 Nc6 7. d3 Be7 8. e3 e5 9. exd4 exd4 10. Re1 0-0 11. Ne5 Nxe5 12. Rxe5 Rb8 13. Bg5 b6 14. Nd2 Be6 15. Ne4 Nd7 16. Bxe7 Qxe7 17. Rh5 h6 18. Qe2 Rbe8 19. Re1 f5 20. Nd2 Qf7 21. Qd1 Nf6 22. Rh4 g5 23. Rxh6 Kg7 24. Rh3 f4 25. Nf3 Bxh3 26. Bxh3 g4 27. Ne5 Rxe5 28. Rxe5 gxh3 29. Rg5+ Kh6 30. gxf4 Qe6 31. f5 Qe5 32. Qd2 Kh7 33. Rg6 Ng8 34. Rg3 Qxf5 35. Qe2 Nh6 36. f3 Rf7 37. Qe8 Rg7 38. Rxg7+ Kxg7 39. Qe7+ Nf7 40. Qxa7 Qxf3 0-1

[Event "CZE-chT2C 1819"]
[Site "Czech Republic"]
[Date "2019.03.17"]
[Round "10.4"]
[White "Markovic, Milan2222"]
[Black "Crha, Pavel"]
[Result "1/2-1/2"]
[WhiteElo "2210"]
[BlackElo "2109"]
[PlyCount "44"]
[EventDate "2018.10.14"]
[EventType "team-tourn"]
[EventRounds "11"]
[EventCountry "CZE"]
[SourceTitle "EXT 2022"]
[Source "ChessBase"]
[SourceDate "2021.10.06"]
[SourceVersion "1"]
[SourceVersionDate "2021.10.06"]
[SourceQuality "1"]
[WhiteTeam "Praha Vrsovice"]
[BlackTeam "Mlada Boleslav"]
[WhiteTeamCountry "CZE"]
[BlackTeamCountry "CZE"]

1. e4 c5 2. Nf3 e6 3. d4 cxd4 4. Nxd4 a6 5. Nc3 b5 6. Bd3 Qb6 7. Nb3 Qc7 8. 0-0 Nf6 9. Qf3 Bb7 10. Bf4 d6 11. Rad1 b4 12. Nb1 Nbd7 13. N1d2 Nc5 14. Nxc5 Qxc5 15. Qe2 Be7 16. Rfe1 0-0 17. Nb3 Qb6 18. Bg3 Rfd8 19. Nd2 Qc5 20. Nb3 Qb6 21. Nd2 Qc5 22. Nb3 Qb6 1/2-1/2

[Event "CZE-chT2C 1819"]
[Site "Czech Republic"]
[Date "2019.01.27"]
[Round "7.4"]
[White "Crha, Pavel"]
[Black "Zahorbensky, Jaroslav"]
[Result "0-1"]
[WhiteElo "2109"]
[BlackElo "2131"]
[PlyCount "84"]
[EventDate "2018.10.14"]
[EventType "team-tourn"]
[EventRounds "11"]
[EventCountry "CZE"]
[SourceTitle "EXT 2022"]
[Source "ChessBase"]
[SourceDate "2021.10.06"]
[SourceVersion "1"]
[SourceVersionDate "2021.10.06"]
[SourceQuality "1"]
[WhiteTeam "Mlada Boleslav"]
[BlackTeam "Bakov nad Jizerou"]
[WhiteTeamCountry "CZE"]
[BlackTeamCountry "CZE"]

1. c4 e5 2. g3 Nf6 3. Bg2 Nc6 4. Nf3 Bc5 5. Nc3 d6 6. 0-0 0-0 7. Na4 h6 8. Nxc5 dxc5 9. d3 Qd6 10. b3 Bf5 11. Bb2 Rfe8 12. Ne1 Rad8 13. Nc2 Qe6 14. Ne3 Bh3 15. Nd5 Bxg2 16. Nxf6+ Qxf6 17. Kxg2 Nd4 18. Bxd4 exd4 19. Qd2 Re5 20. f3 Rde8 21. Rf2 b6 22. a3 a5 23. Ra2 R8e6 24. Qb2 Qe7 25. Kf1 Qd6 26. Qd2 Rg6 27. Rg2 Re3 28. Qe1 Qe6 29. b4 axb4 30. axb4 Rf6 31. Rf2 cxb4 32. Qxb4 c5 33. Qb2 h5 34. Kg2 h4 35. g4 Rg6 36. Ra8+ Kh7 37. Rd8 f5 38. h3 fxg4 39. hxg4 Qe5 40. Kg1 Qg3+ 41. Kf1 h3 42. Rd5 Rh6 0-1

[Event "CZE-chT2B 1718"]
[Site "Czech Republic"]
[Date "2018.02.25"]
[Round "9.4"]
[White "Crha, Pavel"]
[Black "Brejnik, Gustav"]
[Result "1/2-1/2"]
[WhiteElo "2057"]
[BlackElo "2050"]
[PlyCount "161"]
[EventDate "2017.10.15"]
[EventType "team-tourn"]
[EventRounds "11"]
[EventCountry "CZE"]
[SourceTitle "EXT 2022"]
[Source "ChessBase"]
[SourceDate "2021.10.06"]
[SourceVersion "1"]
[SourceVersionDate "2021.10.06"]
[SourceQuality "1"]
[WhiteTeam "Mlada Boleslav"]
[BlackTeam "Litomerice"]
[WhiteTeamCountry "CZE"]
[BlackTeamCountry "CZE"]

1. c4 e5 2. g3 c6 3. Bg2 Nf6 4. d4 e4 5. Nc3 d5 6. cxd5 cxd5 7. Bg5 Be6 8. Nh3 Be7 9. Nf4 Qd7 10. 0-0 Nc6 11. f3 exf3 12. Bxf3 Rd8 13. e3 0-0 14. Bxf6 Bxf6 15. Nfxd5 Bg5 16. Nf4 Bc4 17. Be2 Bxe2 18. Qxe2 Rfe8 19. Qf3 Nb4 20. Rf2 Bxf4 21. gxf4 f5 22. Rd1 Re6 23. a3 Nd5 24. Nxd5 Qxd5 25. Rc1 Qxf3 26. Rxf3 Rd7 27. Rc3 Rg6+ 28. Rg3 Rxg3+ 29. hxg3 b6 30. Kf2 Kf7 31. Kf3 Ke6 32. g4 fxg4+ 33. Kxg4 Kd5 34. Kf3 g6 35. b3 Rf7 36. Rc4 Re7 37. Rc8 Rd7 38. Rc1 Rf7 39. Rc4 Re7 40. a4 a5 41. Rc8 Rd7 42. Rb8 Kc6 43. Ke4 Re7+ 44. Kd3 Rf7 45. Kc4 Re7 46. Kd3 Rf7 47. Re8 Kd7 48. Re5 Kd6 49. d5 Kc5 50. Re6 Kxd5 51. Rxb6 Rd7 52. Rb5+ Ke6+ 53. Ke4 Ra7 54. Rb6+ Ke7 55. Ke5 Kf7 56. e4 Ke7 57. Kd4 Kf7 58. e5 Ke7 59. Ke4 Kf7 60. Kf3 Kg7 61. Kg4 Kg8 62. Kg5 Kg7 63. Rb5 Kf7 64. Kh6 Ke6 65. Rb6+ Kf5 66. Rf6+ Ke4 67. e6 Re7 68. Kg5 Re8 69. Rf7 Rxe6 70. Rxh7 Rb6 71. Rg7 Rxb3 72. Re7+ Kf3 73. Re5 Rb4 74. Rxa5 Rxf4 75. Kxg6 Ke4 76. Rb5 Rf1 77. a5 Ra1 78. Kf6 Kd4 79. Ke6 Kc4 80. Rd5 Kb4 81. Kd6 1/2-1/2

[Event "CZE-chT2B 1718"]
[Site "Czech Republic"]
[Date "2017.10.15"]
[Round "1.3"]
[White "Kucera, Petr3333"]
[Black "Crha, Pavel"]
[Result "1/2-1/2"]
[WhiteElo "2234"]
[BlackElo "2057"]
[PlyCount "79"]
[EventDate "2017.10.15"]
[EventType "team-tourn"]
[EventRounds "11"]
[EventCountry "CZE"]
[SourceTitle "EXT 2022"]
[Source "ChessBase"]
[SourceDate "2021.10.06"]
[SourceVersion "1"]
[SourceVersionDate "2021.10.06"]
[SourceQuality "1"]
[WhiteTeam "Turnov Zikuda II"]
[BlackTeam "Mlada Boleslav"]
[WhiteTeamCountry "CZE"]
[BlackTeamCountry "CZE"]

1. d4 Nf6 2. Nf3 g6 3. c4 Bg7 4. Nc3 d5 5. Bg5 Ne4 6. Bh4 Nxc3 7. bxc3 c5 8. cxd5 Qa5 9. Qd2 cxd4 10. cxd4 Qxd5 11. e3 Nc6 12. Be2 0-0 13. 0-0 e5 14. dxe5 Qxd2 15. Nxd2 Nxe5 16. Ne4 Be6 17. Nc5 Bc4 18. Bxc4 Nxc4 19. Rad1 b5 20. Na6 Rfc8 21. Rd5 Rc6 22. Nb4 Rb6 23. Rfd1 Bf8 24. Rd8 Rxd8 25. Rxd8 Rd6 26. Nd5 Rxd8 27. Bxd8 Bd6 28. Kf1 Kf8 29. Ke2 h6 30. h3 Ke8 31. Bf6 Kd7 32. Bd4 Kc6 33. e4 a5 34. g4 b4 35. Kd3 Kb5 36. a4+ bxa3 37. Nc3+ Kb4 38. Na2+ Kb3 39. Nc1+ Kb4 40. Na2+ 1/2-1/2

[Event "CZE-chT2B 1617"]
[Site "Czech Republic"]
[Date "2017.04.02"]
[Round "11.5"]
[White "Spirek, Adam"]
[Black "Crha, Pavel"]
[Result "0-1"]
[WhiteElo "2045"]
[BlackElo "2045"]
[PlyCount "68"]
[EventDate "2016.10.09"]
[EventType "team-tourn"]
[EventRounds "11"]
[EventCountry "CZE"]
[SourceTitle "EXT 2022"]
[Source "ChessBase"]
[SourceDate "2021.10.06"]
[SourceVersion "1"]
[SourceVersionDate "2021.10.06"]
[SourceQuality "1"]
[WhiteTeam "Most Chess"]
[BlackTeam "Mlada Boleslav"]
[WhiteTeamCountry "CZE"]
[BlackTeamCountry "CZE"]

1. e4 c5 2. Nf3 e6 3. d4 cxd4 4. Nxd4 a6 5. c4 Nf6 6. Nc3 Qc7 7. a3 Be7 8. Be3 d6 9. Rc1 Nbd7 10. b4 0-0 11. Be2 b6 12. 0-0 Bb7 13. f3 Rac8 14. Qd2 Qb8 15. Rfd1 Rfd8 16. Qe1 Bf8 17. Nb3 Re8 18. Qf2 Bc6 19. Nd4 Ba8 20. Na4 d5 21. cxd5 exd5 22. Bxa6 Rxc1 23. Rxc1 dxe4 24. Nb5 exf3 25. gxf3 Nd5 26. Re1 N7f6 27. Nbc3 Bd6 28. Bc4 Nxe3 29. Rxe3 Bxh2+ 30. Kg2 Rxe3 31. Qxe3 Qg3+ 32. Kf1 Bxf3 33. Nxb6 Qg2+ 34. Ke1 Bg3+ 0-1

[Event "CZE-chT2B 1213"]
[Site "Czech Republic"]
[Date "2013.03.24"]
[Round "11.8"]
[White "Hacha, Ales"]
[Black "Crha, Pavel"]
[Result "0-1"]
[WhiteElo "2073"]
[BlackElo "2073"]
[PlyCount "74"]
[EventDate "2012.10.14"]
[EventType "team-tourn"]
[EventRounds "11"]
[EventCountry "CZE"]
[SourceTitle "EXT 2015"]
[Source "ChessBase"]
[SourceDate "2014.11.20"]
[SourceVersion "1"]
[SourceVersionDate "2014.11.20"]
[SourceQuality "1"]
[WhiteTeam "Turnov Zikuda II"]
[BlackTeam "Mlada Boleslav"]
[WhiteTeamCountry "CZE"]
[BlackTeamCountry "CZE"]

1. Nf3 d5 2. g3 Nf6 3. Bg2 Bf5 4. 0-0 e6 5. d3 h6 6. Nbd2 Be7 7. c3 0-0 8. Re1 c5 9. Qb3 Qc7 10. e4 dxe4 11. dxe4 Bh7 12. e5 Nfd7 13. Nc4 Nc6 14. a4 Rab8 15. h4 b6 16. Bf4 a6 17. Qd1 b5 18. Na3 c4 19. axb5 axb5 20. Nc2 Nc5 21. Nfd4 Nxd4 22. Nxd4 Nd3 23. Re2 Bc5 24. Nc6 Rbc8 25. b4 cxb3 26. Qxb3 Qb6 27. Nd4 Bxd4 28. cxd4 Qxd4 29. Rd1 Nxf4 30. gxf4 Qxf4 31. Qxb5 Qxh4 32. Ra2 Qg4 33. Re1 Rb8 34. Qc6 Rfc8 35. Qd7 Bg6 36. Ra4 Qg5 37. Qd1 Bc2 0-1

[Event "CZE-chT2B 1213"]
[Site "Czech Republic"]
[Date "2013.02.17"]
[Round "9.8"]
[White "Hosticka, Frantisek"]
[Black "Crha, Pavel"]
[Result "0-1"]
[WhiteElo "2228"]
[BlackElo "2073"]
[PlyCount "92"]
[EventDate "2012.10.14"]
[EventType "team-tourn"]
[EventRounds "11"]
[EventCountry "CZE"]
[SourceTitle "EXT 2015"]
[Source "ChessBase"]
[SourceDate "2014.11.20"]
[SourceVersion "1"]
[SourceVersionDate "2014.11.20"]
[SourceQuality "1"]
[WhiteTeam "Lysa nad Labem III"]
[BlackTeam "Mlada Boleslav"]
[WhiteTeamCountry "CZE"]
[BlackTeamCountry "CZE"]

1. e4 c5 2. Nf3 e6 3. b3 Nf6 4. e5 Nd5 5. Bb2 Be7 6. c4 Nb4 7. a3 N4c6 8. Bd3 f5 9. h4 0-0 10. Nc3 d6 11. exd6 Qxd6 12. Bc2 a6 13. d3 Nd4 14. Nxd4 cxd4 15. Ne2 e5 16. f4 Bf6 17. Qd2 Nc6 18. 0-0-0 Re8 19. fxe5 Bxe5 20. Rde1 Bd7 21. Rhf1 Re7 22. Kb1 Rae8 23. Qd1 Bg3 24. Nxg3 Qxg3 25. Rxe7 Rxe7 26. Qf3 Qxh4 27. b4 Re3 28. Qd5+ Be6 29. Qc5 Qd8 30. b5 Re5 31. Qxe5 Nxe5 32. Re1 Qd6 33. bxa6 bxa6 34. Ka2 Kf7 35. Bb3 Kf6 36. Rd1 Nd7 37. a4 Nc5 38. Ba3 Qc6 39. Rd2 Nxa4 40. Bxa4 Qxa4 41. Kb2 Qa5 42. Rc2 f4 43. c5 Qb5+ 44. Kc1 Qxd3 45. Bb2 Bb3 46. Rd2 Qf1+ 0-1

[Event "CZE-chT2B 1213"]
[Site "Czech Republic"]
[Date "2013.01.06"]
[Round "6.8"]
[White "Krtous, Zdenek"]
[Black "Crha, Pavel"]
[Result "1/2-1/2"]
[WhiteElo "2021"]
[BlackElo "2073"]
[PlyCount "74"]
[EventDate "2012.10.14"]
[EventType "team-tourn"]
[EventRounds "11"]
[EventCountry "CZE"]
[SourceTitle "EXT 2015"]
[Source "ChessBase"]
[SourceDate "2014.11.20"]
[SourceVersion "1"]
[SourceVersionDate "2014.11.20"]
[SourceQuality "1"]
[WhiteTeam "Liberec Desko"]
[BlackTeam "Mlada Boleslav"]
[WhiteTeamCountry "CZE"]
[BlackTeamCountry "CZE"]

1. e4 c5 2. Nf3 Nc6 3. d4 cxd4 4. Nxd4 Nf6 5. Nc3 e5 6. Ndb5 d6 7. Bg5 a6 8. Na3 b5 9. Bxf6 gxf6 10. Nd5 f5 11. c3 Bg7 12. exf5 Bxf5 13. Nc2 0-0 14. Nce3 Be6 15. Bd3 f5 16. 0-0 e4 17. Nf4 Bf7 18. Bc2 Be5 19. g3 Bxf4 20. gxf4 d5 21. Nxf5 Qf6 22. Ne3 Qxf4 23. Qg4+ Qxg4+ 24. Nxg4 Be6 25. Ne3 Ra7 26. Bb3 Rg7+ 27. Kh1 Ne7 28. Rad1 Rg5 29. Rg1 Rxg1+ 30. Kxg1 Rd8 31. Kg2 Kf7 32. f3 Rg8+ 33. Kf2 exf3 34. Kxf3 Rg5 35. h4 Rh5 36. Kg3 Re5 37. Kf3 Rh5 1/2-1/2

[Event "CZE-chT2C 1011"]
[Site "Czech Republic"]
[Date "2011.02.20"]
[Round "8.5"]
[White "Matejovsky, Ondrej"]
[Black "Crha, Pavel"]
[Result "0-1"]
[WhiteElo "2033"]
[BlackElo "2078"]
[PlyCount "86"]
[EventDate "2010.10.17"]
[EventType "team-tourn"]
[EventRounds "11"]
[EventCountry "CZE"]
[SourceTitle "EXT 2012"]
[Source "ChessBase"]
[SourceDate "2011.11.24"]
[SourceVersion "1"]
[SourceVersionDate "2011.11.24"]
[SourceQuality "1"]
[WhiteTeam "Vlasim"]
[BlackTeam "Bakov nad Jizerou"]
[WhiteTeamCountry "CZE"]
[BlackTeamCountry "CZE"]

1. d4 Nf6 2. Nf3 g6 3. Bf4 Bg7 4. e3 c5 5. c3 cxd4 6. cxd4 b6 7. Nc3 Bb7 8. Bc4 0-0 9. 0-0 d6 10. Rc1 Nbd7 11. Qb3 h6 12. Nb5 Ne4 13. Bd5 Bxd5 14. Qxd5 Nef6 15. Qb7 Rb8 16. Qa6 Nd5 17. Bg3 Nb4 18. Qa4 a5 19. Rc7 Nd5 20. Ra7 N7f6 21. Rc1 Rc8 22. Qd1 Rxc1 23. Qxc1 Qb8 24. Nd2 Rc8 25. Qd1 Nc7 26. Rxc7 Rxc7 27. Nxc7 Qxc7 28. h3 Nd5 29. Qb3 Qc1+ 30. Nf1 Qc6 31. Kh2 a4 32. Qd1 b5 33. b3 a3 34. Qd2 Qc3 35. Qe2 b4 36. Qc4 Qxc4 37. bxc4 b3 38. Nd2 bxa2 39. Nb3 Nb6 40. Kg1 Nxc4 41. Na1 e5 42. dxe5 Nxe5 43. e4 Nc4 0-1

[Event "CZE-chT2C 0910"]
[Site "Czech Republic"]
[Date "2010.02.14"]
[Round "7.6"]
[White "Crha, Pavel"]
[Black "Jezbera, Jiri"]
[Result "0-1"]
[WhiteElo "2101"]
[BlackElo "2139"]
[PlyCount "132"]
[EventDate "2009.10.18"]
[EventType "team-tourn"]
[EventRounds "11"]
[EventCountry "CZE"]
[SourceTitle "EXT 2011"]
[Source "ChessBase"]
[SourceDate "2010.11.26"]
[SourceVersion "1"]
[SourceVersionDate "2010.11.26"]
[SourceQuality "1"]
[WhiteTeam "Mlada Boleslav"]
[BlackTeam "Hradec Kralove II"]
[WhiteTeamCountry "CZE"]
[BlackTeamCountry "CZE"]

1. e4 c5 2. c3 e6 3. d4 d5 4. exd5 Qxd5 5. Nf3 Nc6 6. Be3 cxd4 7. Nxd4 e5 8. Nb5 Qxd1+ 9. Kxd1 Bg4+ 10. Ke1 Kd7 11. f3 Be6 12. N1a3 a6 13. Rd1+ Kc8 14. Nd6+ Bxd6 15. Rxd6 Kc7 16. Rd2 Bxa2 17. Bc4 Bxc4 18. Nxc4 Re8 19. Kf2 Kb8 20. Rd7 Re7 21. Rhd1 b5 22. Nb6 Nf6 23. Rxe7 Nxe7 24. Nd7+ Nxd7 25. Rxd7 Re8 26. Bc5 Ng6 27. Rxf7 Nf4 28. Ba7+ Ka8 29. Rxg7 Nd3+ 30. Ke2 Nxb2 31. Rxh7 a5 32. Kd2 Nc4+ 33. Kc1 a4 34. Bc5 Rc8 35. Bb4 Rd8 36. h4 a3 37. Bxa3 Nxa3 38. h5 Rc8 39. Kb2 Nc4+ 40. Kb3 Ne3 41. g4 Nd5 42. Rd7 Rxc3+ 43. Kb2 Rd3 44. h6 e4 45. fxe4 Rd2+ 46. Kc1 Rh2 47. g5 Nf4 48. e5 Kb8 49. Rf7 Nd3+ 50. Kd1 Nxe5 51. Rf5 Ng4 52. Rf8+ Kc7 53. Rf7+ Kd6 54. h7 Ne5 55. g6 Nxg6 56. Kc1 Kc5 57. Rg7 Nh8 58. Kb1 Kb4 59. Rg4+ Ka3 60. Rg3+ Ka4 61. Rg7 b4 62. Re7 Ng6 63. Rg7 Ne5 64. Re7 Nc4 65. Rg7 Ka3 66. Rc7 Kb3 0-1

[Event "CZE-chT2C 0910"]
[Site "Czech Republic"]
[Date "2010.01.17"]
[Round "5.7"]
[White "Lastovka, Jan"]
[Black "Crha, Pavel"]
[Result "1-0"]
[WhiteElo "2121"]
[BlackElo "2101"]
[PlyCount "55"]
[EventDate "2009.10.18"]
[EventType "team-tourn"]
[EventRounds "11"]
[EventCountry "CZE"]
[SourceTitle "EXT 2011"]
[Source "ChessBase"]
[SourceDate "2010.11.26"]
[SourceVersion "1"]
[SourceVersionDate "2010.11.26"]
[SourceQuality "1"]
[WhiteTeam "Liberec"]
[BlackTeam "Mlada Boleslav"]
[WhiteTeamCountry "CZE"]
[BlackTeamCountry "CZE"]

1. e4 c5 2. b3 Nf6 3. e5 Nd5 4. Bb2 e6 5. Nf3 Nc6 6. Nc3 Nxc3 7. Bxc3 Be7 8. Bb5 Qc7 9. 0-0 0-0 10. h4 b6 11. Ng5 Bxg5 12. hxg5 Nxe5 13. f4 Ng6 14. Qh5 Bb7 15. Bd3 b5 16. Rae1 c4 17. Re3 cxd3 18. Rh3 Qc5+ 19. Kh2 Rfc8 20. Qxh7+ Kf8 21. Qxg7+ Ke7 22. Qf6+ Ke8 23. f5 Qd5 24. Rg3 Rxc3 25. fxg6 Rcc8 26. gxf7+ Kf8 27. g6 Qh5+ 28. Rh3 1-0

[Event "CZE-chT2C 0809"]
[Site "Czech Republic"]
[Date "2009.01.25"]
[Round "7.7"]
[White "Jaeger, Ludek"]
[Black "Crha, Pavel"]
[Result "1-0"]
[WhiteElo "2024"]
[BlackElo "2103"]
[PlyCount "95"]
[EventDate "2008.10.12"]
[EventType "team-tourn"]
[EventRounds "11"]
[EventCountry "CZE"]
[SourceTitle "EXT 2010"]
[Source "ChessBase"]
[SourceDate "2010.11.25"]
[SourceVersion "1"]
[SourceVersionDate "2010.11.25"]
[SourceQuality "1"]
[WhiteTeam "Hradec Kralove II"]
[BlackTeam "Mlada Boleslav"]
[WhiteTeamCountry "CZE"]
[BlackTeamCountry "CZE"]

1. e4 c5 2. Nf3 e6 3. d4 cxd4 4. Nxd4 a6 5. Bd3 Nc6 6. Nxc6 bxc6 7. c4 Nf6 8. 0-0 d5 9. cxd5 cxd5 10. exd5 Nxd5 11. Qf3 Bd7 12. Bc4 Bc6 13. Nc3 f5 14. Bxd5 Bxd5 15. Nxd5 Qxd5 16. Qxd5 exd5 17. Re1+ Kf7 18. Re5 Re8 19. Rxf5+ Kg6 20. Rg5+ Kf6 21. Kf1 Bb4 22. Bf4 Bd6 23. Bd2 Bb4 24. Rxd5 Bxd2 25. Rxd2 Re6 26. Rad1 Rb8 27. b3 Rbb6 28. f3 h6 29. Kf2 Kg6 30. Rd7 Rbc6 31. R1d2 Kh7 32. h4 Kg6 33. g4 Rf6 34. h5+ Kh7 35. Re2 Rc3 36. Re3 Rxe3 37. Kxe3 Kg8 38. f4 Kf8 39. Ra7 Kg8 40. Ke4 Rb6 41. Rd7 Rb4+ 42. Ke5 Rb5+ 43. Rd5 Rb4 44. Rd4 Rb5+ 45. Kd6 Kf7 46. Kc6 Ke6 47. Re4+ Kf6 48. Ra4 1-0

[Event "CZE-chT2C 0809"]
[Site "Czech Republic"]
[Date "2009.01.11"]
[Round "6.7"]
[White "Crha, Pavel"]
[Black "Smutny, Jan"]
[Result "1-0"]
[WhiteElo "2103"]
[BlackElo "2129"]
[PlyCount "117"]
[EventDate "2008.10.12"]
[EventType "team-tourn"]
[EventRounds "11"]
[EventCountry "CZE"]
[SourceTitle "EXT 2010"]
[Source "ChessBase"]
[SourceDate "2010.11.25"]
[SourceVersion "1"]
[SourceVersionDate "2010.11.25"]
[SourceQuality "1"]
[WhiteTeam "Mlada Boleslav"]
[BlackTeam "Rapid"]
[WhiteTeamCountry "CZE"]
[BlackTeamCountry "CZE"]

1. e4 e5 2. Nf3 Nc6 3. Bb5 a6 4. Ba4 Be7 5. 0-0 b5 6. Bb3 Nf6 7. d3 d6 8. c3 Bg4 9. Nbd2 0-0 10. Re1 d5 11. exd5 Nxd5 12. Nf1 Bf6 13. Ng3 g6 14. h3 Bf5 15. Nxf5 gxf5 16. Bg5 Bxg5 17. Nxg5 Nf4 18. Re3 Qf6 19. Rg3 Kh8 20. Qf3 Rad8 21. d4 Ng6 22. Ne4 Qg7 23. Qxf5 exd4 24. Ng5 Nce5 25. Rd1 c5 26. cxd4 cxd4 27. Ne4 Nc4 28. Bxc4 bxc4 29. Nf6 Rd6 30. Ne4 Re6 31. Rg5 Rfe8 32. f3 d3 33. Qd5 f6 34. Rg3 Qc7 35. Qf5 Kg7 36. Rg4 Qb6+ 37. Kh2 Qxb2 38. Nc5 Re5 39. Qd7+ R8e7 40. Qd6 Qc2 41. f4 Qxd1 42. fxe5 Rxe5 43. Ne6+ Rxe6 44. Qxe6 Qe2 45. Re4 Qb2 46. Rxc4 Qe5+ 47. Qxe5 fxe5 48. Kg3 Ne7 49. Rc7 Kf6 50. Rd7 Nf5+ 51. Kf3 Nd4+ 52. Ke3 Ne6 53. Rxd3 Kf5 54. Rd6 h5 55. g4+ hxg4 56. hxg4+ Kf6 57. Rxa6 Ke7 58. Rxe6+ Kxe6 59. a4 1-0

[Event "Czechia KP-chTA 0607"]
[Site "Czech Republic"]
[Date "2007.04.01"]
[Round "11.2"]
[White "Crha, Pavel"]
[Black "Stursa, Jan"]
[Result "1/2-1/2"]
[WhiteElo "2127"]
[BlackElo "2176"]
[PlyCount "41"]
[EventDate "2006.10.29"]
[EventType "team"]
[EventRounds "11"]
[EventCountry "CZE"]
[SourceTitle "EXT 2008"]
[Source "ChessBase"]
[SourceDate "2007.11.25"]
[SourceVersion "1"]
[SourceVersionDate "2007.11.25"]
[SourceQuality "1"]
[WhiteTeam "Emerge MB B"]
[BlackTeam "Kralupy nad Vltavou"]
[WhiteTeamCountry "CZE"]
[BlackTeamCountry "CZE"]

1. e4 c5 2. c3 d5 3. exd5 Qxd5 4. d4 cxd4 5. cxd4 Nc6 6. Nf3 e5 7. Nc3 Bb4 8. Nxe5 Nxd4 9. Be3 Bxc3+ 10. bxc3 Nc2+ 11. Qxc2 Qxe5 12. Be2 Ne7 13. 0-0 0-0 14. Bd4 Qg5 15. f4 Qa5 16. Qe4 Re8 17. Bf3 Rb8 18. Qe5 Qxe5 19. Bxe5 Ra8 20. Rfe1 Nc6 21. Bxc6 1/2-1/2